[Event "7eme open international de La Fere"]
[Site "La Fere (FRA)"]
[Date "2008.07.07"]
[Round "4.34"]
[White "Casier, Fabrice"]
[Black "Cozette, Michael"]
[Result "1/2-1/2"]
[WhiteElo "1831"]
[BlackElo "2026"]
[PlyCount "50"]
[EventDate "2008.??.??"]

1. c4 Nf6 2. Nc3 c5 3. Nf3 Nc6 4. d4 cxd4 5. Nxd4 g6 6. Nxc6 bxc6 7. g3 Bg7 8.
Bg2 O-O 9. O-O Ba6 10. Qa4 Bb7 11. e4 Qb6 12. Rb1 e6 13. Be3 Qc7 14. Rfd1 Ng4
15. Bc5 Rfe8 16. Bd6 Qc8 17. Qc2 e5 18. Na4 Bf8 19. Nc5 Nf6 20. Bxf8 Rxf8 21.
Rd6 Kg7 22. Rbd1 Re8 23. Bh3 Qc7 24. Bxd7 Red8 25. Nxb7 Rxd7 1/2-1/2

[Event "7eme open international de La Fere"]
[Site "La Fere (FRA)"]
[Date "2008.07.07"]
[Round "4.35"]
[White "Ilan, Liad"]
[Black "Barbry, Quentin"]
[Result "1-0"]
[WhiteElo "2013"]
[BlackElo "1700"]
[PlyCount "81"]
[EventDate "2008.??.??"]

1. e4 e5 2. Nf3 Nc6 3. Bb5 Nf6 4. d3 d6 5. c3 Be7 6. O-O O-O 7. Re1 Bg4 8. Nbd2
a6 9. Bxc6 bxc6 10. Nf1 Rb8 11. Ng3 Nh5 12. h3 Bxf3 13. Qxf3 Nxg3 14. fxg3 Bf6
15. b4 d5 16. a3 Qd6 17. Be3 Qe6 18. Bc5 Rfd8 19. d4 Rd7 20. Kh2 Re8 21. Qf1
Ra8 22. Qe2 exd4 23. e5 d3 24. Qe3 Be7 25. Bd4 Qf5 26. Rad1 Bg5 27. Qxd3 Qxd3
28. Rxd3 Re8 29. Rf1 Rde7 30. Rdf3 Bh6 31. g4 Bg5 32. Kg3 Rd7 33. h4 Bd8 34. g5
Re6 35. Kh3 g6 36. g4 Kg7 37. Kg3 Kg8 38. R3f2 Re8 39. Rf3 Rf8 40. e6 Re7 41.
Bc5 1-0

[Event "7eme open international de La Fere"]
[Site "La Fere (FRA)"]
[Date "2008.07.07"]
[Round "4.36"]
[White "Coquelle, Gilbert"]
[Black "Ben Porat, Zeev"]
[Result "0-1"]
[WhiteElo "1780"]
[BlackElo "2008"]
[PlyCount "46"]
[EventDate "2008.??.??"]

1. d4 e6 2. c4 f5 3. Nf3 Nf6 4. Nc3 Be7 5. h3 O-O 6. Bf4 Ne4 7. Qd3 Bb4 8. a3
Bxc3+ 9. bxc3 d6 10. g3 Nd7 11. Bg2 Qe7 12. O-O Kh8 13. h4 e5 14. Bg5 Nxg5 15.
Nxg5 Rb8 16. f3 h6 17. Nh3 f4 18. Kh2 b6 19. gxf4 exf4 20. Rg1 Qxh4 21. Bf1 Nf6
22. Qg6 Nh5 23. Rb1 Bf5 0-1

[Event "7eme open international de La Fere"]
[Site "La Fere (FRA)"]
[Date "2008.07.07"]
[Round "4.37"]
[White "Waquet, Frederic"]
[Black "Marchal, Roger"]
[Result "1-0"]
[WhiteElo "2004"]
[BlackElo "1698"]
[PlyCount "39"]
[EventDate "2008.??.??"]

1. e4 c5 2. Nf3 e6 3. d3 Nf6 4. g3 d5 5. Nbd2 Be7 6. Bg2 Nc6 7. O-O Bd7 8. e5
Ng4 9. Re1 Qc7 10. Qe2 Nh6 11. Nb3 Nf5 12. c3 O-O 13. Bf4 Qb6 14. Rab1 Qa6 15.
g4 Qxa2 16. Qc2 c4 17. dxc4 dxc4 18. Nbd4 Nfxd4 19. Nxd4 Nxd4 20. cxd4 1-0

[Event "7eme open international de La Fere"]
[Site "La Fere (FRA)"]
[Date "2008.07.07"]
[Round "4.38"]
[White "Jimenez, Martin"]
[Black "Godart, Francois"]
[Result "0-1"]
[WhiteElo "1750"]
[BlackElo "1985"]
[PlyCount "64"]
[EventDate "2008.??.??"]

1. d4 Nf6 2. c4 e6 3. Nc3 Bb4 4. Nf3 O-O 5. e3 b6 6. Bd3 Bb7 7. O-O d6 8. Bd2
Nbd7 9. a3 Bxc3 10. Bxc3 Ne4 11. Re1 f5 12. Nd2 Nxc3 13. bxc3 Rf6 14. Be2 Rh6
15. Bf3 d5 16. cxd5 exd5 17. c4 Nf6 18. Qb3 Ne4 19. Nf1 Kh8 20. Rac1 g5 21. Ng3
g4 22. Bxe4 fxe4 23. Nf5 Rg6 24. Qb4 Qg5 25. Ng3 Rh6 26. cxd5 Qh4 27. Rxc7
Qxh2+ 28. Kf1 Ba6+ 29. Rc4 Rc8 30. Rec1 Rf6 31. Nxe4 Qh1+ 32. Ke2 Qxc1 0-1

[Event "7eme open international de La Fere"]
[Site "La Fere (FRA)"]
[Date "2008.07.07"]
[Round "4.39"]
[White "Rigolot, Lucie"]
[Black "Gonzalez Garcia, Pierre-Emmanuel"]
[Result "1-0"]
[WhiteElo "1709"]
[BlackElo "1643"]
[PlyCount "51"]
[EventDate "2008.??.??"]

1. e4 c6 2. d4 d5 3. exd5 cxd5 4. Bd3 Nc6 5. c3 Nf6 6. Bf4 Bg4 7. Qb3 Qd7 8.
Nd2 e6 9. Ngf3 a6 10. O-O b5 11. a3 Bd6 12. Bxd6 Qxd6 13. Rfe1 Na5 14. Qc2 h6
15. Ne5 Bh5 16. h3 Nc4 17. g4 Nxd2 18. Qxd2 Bg6 19. Nxg6 fxg6 20. Bxg6+ Kd7 21.
Re5 Nh7 22. Bxh7 Rxh7 23. Qc2 Rhh8 24. Qg6 Rhg8 25. Qf7+ Qe7 26. Qxe7+ 1-0

[Event "7eme open international de La Fere"]
[Site "La Fere (FRA)"]
[Date "2008.07.07"]
[Round "4.41"]
[White "Ben Porat, Tal"]
[Black "Pierret, Paul"]
[Result "1/2-1/2"]
[WhiteElo "1659"]
[BlackElo "1591"]
[PlyCount "139"]
[EventDate "2008.??.??"]

1. e4 e5 2. Nf3 d6 3. d4 exd4 4. Nxd4 c5 5. Nf3 Be7 6. Nc3 Nc6 7. Nd5 Nf6 8.
Nxf6+ Bxf6 9. c3 O-O 10. Bf4 Be7 11. Qd2 a6 12. Rd1 Bg4 13. Bxd6 Bxf3 14. gxf3
Re8 15. Bxe7 Qxe7 16. Qd6 Rad8 17. Qxe7 Rxd1+ 18. Kxd1 Nxe7 19. Bg2 Rd8+ 20.
Kc2 b6 21. Rd1 Rxd1 22. Kxd1 Nc6 23. Kd2 Ne5 24. b4 cxb4 25. cxb4 Nc6 26. a3
Ne5 27. Kc3 Kf8 28. Kd4 f6 29. a4 Ke7 30. b5 axb5 31. axb5 Kd6 32. h3 Ng6 33.
Bf1 Nh4 34. Be2 Ng6 35. Ke3 Ke5 36. Bc4 Nf4 37. Bg8 h6 38. h4 Ng2+ 39. Ke2 Nxh4
40. Ke3 Ng2+ 41. Kd3 h5 42. Bh7 h4 43. Ke2 Nf4+ 44. Kf1 g5 45. Bf5 Nh5 46. Bg4
Ng7 47. Ke2 Ne8 48. Bd7 Nc7 49. Ke3 Kd6 50. Bg4 Nxb5 51. f4 gxf4+ 52. Kxf4 Nd4
53. Bd1 b5 54. Kg4 Ke5 55. f3 f5+ 56. Kxh4 fxe4 57. fxe4 Kxe4 58. Bh5 b4 59.
Bf7 Ke5 60. Ba2 Nb5 61. Kg3 Kd4 62. Kf2 Kc3 63. Ke1 Kb2 64. Bg8 Na3 65. Kf2 Kc3
66. Ba2 Nb5 67. Bg8 Nd6 68. Ba2 Ne4+ 69. Kg1 Nd2 70. Bg8 1/2-1/2

[Event "7eme open international de La Fere"]
[Site "La Fere (FRA)"]
[Date "2008.07.07"]
[Round "4.42"]
[White "Lepere, Corentin"]
[Black "Dernoncourt, Christophe"]
[Result "1-0"]
[WhiteElo "1640"]
[BlackElo "1590"]
[PlyCount "99"]
[EventDate "2008.??.??"]

1. c4 e5 2. a3 Nf6 3. Nc3 b6 4. d3 Bb7 5. e4 Bc5 6. g3 c6 7. Bg2 d5 8. exd5
cxd5 9. cxd5 Bxd5 10. Nxd5 Nxd5 11. Qb3 Nc7 12. Bxa8 Nxa8 13. Qa4+ Nd7 14. Nf3
Qf6 15. Qe4 O-O 16. Bg5 Qd6 17. Rc1 f6 18. b4 Bxf2+ 19. Kxf2 fxg5 20. Kg2 h6
21. Rc6 Qe7 22. Qd5+ Kh8 23. Rhc1 Nf6 24. Qxe5 Qf7 25. Rc8 Qa2+ 26. R1c2 Qf7
27. Qb8 Rxc8 28. Rxc8+ Ng8 29. Qxa8 Qa2+ 30. Kf1 Qa1+ 31. Ke2 Qa2+ 32. Nd2 Qe6+
33. Kd1 Kh7 34. Rxg8 Qxg8 35. Qxg8+ Kxg8 36. Nc4 Kf7 37. Nd6+ Ke6 38. Nc8 a5
39. Nxb6 axb4 40. axb4 Kd6 41. Kc2 Kc6 42. Nc4 h5 43. h3 g6 44. Kc3 Kb5 45. Ne5
Kb6 46. Kc4 Kc7 47. Kc5 Kb7 48. Nxg6 h4 49. gxh4 gxh4 50. Nxh4 1-0

[Event "7eme open international de La Fere"]
[Site "La Fere (FRA)"]
[Date "2008.07.07"]
[Round "4.43"]
[White "Cheriet, Salim"]
[Black "Rouffignac, Tanguy"]
[Result "1/2-1/2"]
[WhiteElo "1590"]
[BlackElo "1640"]
[PlyCount "55"]
[EventDate "2008.??.??"]

1. e4 e5 2. Nf3 Nc6 3. d4 exd4 4. Nxd4 Bc5 5. Be3 Qf6 6. c3 Nge7 7. Bc4 O-O 8.
O-O Bb6 9. Kh1 Na5 10. Be2 d5 11. f3 Rd8 12. Nc2 Be6 13. Bxb6 axb6 14. Nd4 Ng6
15. f4 Bc8 16. e5 Qe7 17. Nd2 Kh8 18. Bg4 Nc4 19. Nxc4 dxc4 20. Qe2 Bxg4 21.
Qxg4 c6 22. Rad1 Qf8 23. Nf5 Ne7 24. Rxd8 Rxd8 25. Nd6 b5 26. f5 Nd5 27. Qh5
Rd7 28. Qg5 1/2-1/2

[Event "7eme open international de La Fere"]
[Site "La Fere (FRA)"]
[Date "2008.07.07"]
[Round "4.44"]
[White "Vereggen, Lars"]
[Black "Descamps, Serge"]
[Result "1-0"]
[WhiteElo "1616"]
[BlackElo "1570"]
[PlyCount "55"]
[EventDate "2008.??.??"]

1. e4 c5 2. Nf3 Nc6 3. c3 e5 4. Bc4 d6 5. Na3 Be6 6. Qe2 Bxc4 7. Nxc4 a6 8. Ne3
Nf6 9. d3 g6 10. O-O Bg7 11. Nd2 O-O 12. g3 b5 13. Ng2 d5 14. f4 d4 15. f5 Qe7
16. c4 Nb4 17. a3 Nc6 18. g4 h5 19. g5 Nh7 20. f6 Bxf6 21. gxf6 Nxf6 22. Nb3
Nh7 23. Nd2 h4 24. Qg4 g5 25. Nxh4 Kh8 26. Nf5 Qf6 27. Rf3 Qg6 28. Rh3 1-0

[Event "7eme open international de La Fere"]
[Site "La Fere (FRA)"]
[Date "2008.07.07"]
[Round "4.45"]
[White "Fauchart, Francois"]
[Black "Delahaye, Marc"]
[Result "1/2-1/2"]
[WhiteElo "1580"]
[BlackElo "1610"]
[PlyCount "58"]
[EventDate "2008.??.??"]

1. e4 e6 2. g3 d5 3. Bg2 Nf6 4. c3 Bd7 5. exd5 exd5 6. d4 Bd6 7. Ne2 O-O 8. O-O
c5 9. Bf4 Bc6 10. Bxd6 Qxd6 11. dxc5 Qxc5 12. b4 Qb6 13. a4 a6 14. a5 Qd8 15.
Nf4 Re8 16. Re1 Rxe1+ 17. Qxe1 d4 18. Na3 Bxg2 19. Kxg2 Nc6 20. Rd1 g5 21. Nd3
Qd5+ 22. Kg1 Re8 23. Qd2 Ne4 24. c4 Qf5 25. Qb2 Nc3 26. Re1 Rxe1+ 27. Nxe1 Qe4
28. Qd2 h6 29. Nac2 f5 1/2-1/2

[Event "7eme open international de La Fere"]
[Site "La Fere (FRA)"]
[Date "2008.07.07"]
[Round "4.46"]
[White "Legrand, Jean-Pierre"]
[Black "Pytel, Bozena"]
[Result "0-1"]
[WhiteElo "1570"]
[BlackElo "1966"]
[PlyCount "97"]
[EventDate "2008.??.??"]

1. e4 e6 2. d4 d5 3. c3 dxe4 4. Be3 f5 5. Nd2 Nf6 6. h3 Nd5 7. Qh5+ g6 8. Qg5
Be7 9. Qg3 Nxe3 10. Qxe3 Nd7 11. O-O-O Nf6 12. Bc4 Nd5 13. Qe2 c6 14. Nb3 Bg5+
15. Kb1 b5 16. Bxd5 exd5 17. g3 O-O 18. h4 Bh6 19. f4 exf3 20. Nxf3 f4 21. h5
g5 22. gxf4 Rxf4 23. Rhg1 Bf5+ 24. Ka1 Qf6 25. Nc5 Kh8 26. Qe5 Rf8 27. Qxf6+
Rxf6 28. Nxg5 Bg4 29. Rxg4 Rxg4 30. Nge6 Rh4 31. a4 bxa4 32. Ka2 Rxh5 33. Re1
Rh2 34. Nxa4 Bd2 35. Re5 Bc1 36. Nec5 h5 37. Re3 Kg7 38. Re1 Bd2 39. Rg1+ Kf7
40. Nd3 Rh6 41. Ne5+ Kf8 42. Rf1+ Ke8 43. Kb3 Re2 44. Nc5 Rg2 45. Ra1 Rg7 46.
Rd1 Bf4 47. Re1 Bg3 48. Rg1 h4 49. c4 0-1

[Event "7eme open international de La Fere"]
[Site "La Fere (FRA)"]
[Date "2008.07.07"]
[Round "4.47"]
[White "Siauve, Julien"]
[Black "Brelot, Loic"]
[Result "0-1"]
[WhiteElo "1682"]
[BlackElo "1848"]
[PlyCount "54"]
[EventDate "2008.??.??"]

1. e4 c6 2. d4 d5 3. e5 c5 4. c3 Nc6 5. Nf3 Bg4 6. Be2 e6 7. Nbd2 Qb6 8. h3 Bh5
9. Qb3 Qxb3 10. Nxb3 cxd4 11. cxd4 Bb4+ 12. Bd2 Nge7 13. a3 Bxd2+ 14. Kxd2 Bxf3
15. Bxf3 Nf5 16. Kd3 Ke7 17. Rac1 Rac8 18. Rc2 Rc7 19. Rhc1 Rhc8 20. g4 Nh4 21.
Nd2 h6 22. b4 a6 23. Ke3 Kd7 24. Nb3 Nxf3 25. Nc5+ Ke7 26. Nxb7 Nfxd4 27. Rc3
Rxb7 0-1

[Event "7eme open international de La Fere"]
[Site "La Fere (FRA)"]
[Date "2008.07.07"]
[Round "4.48"]
[White "Blondel, Francis"]
[Black "Godart, Michel"]
[Result "0-1"]
[WhiteElo "1664"]
[BlackElo "1820"]
[PlyCount "118"]
[EventDate "2008.??.??"]

1. d4 Nf6 2. c4 g6 3. Nc3 Bg7 4. e4 d6 5. Be2 O-O 6. Bg5 h6 7. Bf4 c5 8. d5 Qa5
9. Qd2 Kh7 10. Nf3 Bd7 11. O-O a6 12. a4 Nh5 13. Bg3 Nxg3 14. fxg3 Be8 15. g4
Nd7 16. Nd1 Qxd2 17. Nxd2 Nb6 18. a5 Nd7 19. Rb1 Ne5 20. b4 cxb4 21. Rxb4 Rb8
22. h3 Nd7 23. Nf2 Bc3 24. Rfb1 Bxd2 25. Rxb7 Rxb7 26. Rxb7 Bg5 27. Nd3 f5 28.
gxf5 gxf5 29. exf5 Bf6 30. Kh1 Bc3 31. Nb4 Bxb4 32. Rxb4 Nc5 33. Rb8 Kg7 34.
Rc8 Bd7 35. Rxf8 Kxf8 36. g4 Nb3 37. Kg2 Kf7 38. Kf2 Nxa5 39. c5 dxc5 40. Bxa6
Kf6 41. Ke3 Ke5 42. Bd3 Kxd5 43. h4 Ke5 44. Kf3 c4 45. Be4 Bc6 46. Bxc6 Nxc6
47. Ke3 Nd8 48. Kd2 Nf7 49. Ke3 c3 50. Kd3 Kf4 51. g5 hxg5 52. hxg5 Nxg5 53.
Kxc3 Kxf5 54. Kd3 Kf4 55. Ke2 e5 56. Kf2 Nh3+ 57. Kg2 e4 58. Kxh3 Kf3 59. Kh2
Kf2 0-1

[Event "7eme open international de La Fere"]
[Site "La Fere (FRA)"]
[Date "2008.07.07"]
[Round "4.49"]
[White "Adelise, Theo"]
[Black "Christophe, Lucie"]
[Result "1/2-1/2"]
[WhiteElo "1600"]
[BlackElo "1760"]
[PlyCount "45"]
[EventDate "2008.??.??"]

1. e4 d5 2. exd5 Qxd5 3. Nc3 Qa5 4. d3 c6 5. Nf3 Bg4 6. Be2 Nf6 7. Bd2 Qc7 8.
h3 Bh5 9. O-O e6 10. Re1 Nbd7 11. Ng5 Bg6 12. Bf3 O-O-O 13. Nce4 Be7 14. a4
Nxe4 15. Nxe4 Nf6 16. b4 Nd5 17. b5 Bxe4 18. Bxe4 Nb4 19. bxc6 Nxc6 20. Qf3 Kd7
21. Bxc6+ Qxc6 22. Qxc6+ Kxc6 23. Re4 1/2-1/2

[Event "7eme open international de La Fere"]
[Site "La Fere (FRA)"]
[Date "2008.07.07"]
[Round "4.50"]
[White "Mahan, James Robert"]
[Black "Tenot, Fabrice"]
[Result "0-1"]
[WhiteElo "1544"]
[BlackElo "1760"]
[PlyCount "114"]
[EventDate "2008.??.??"]

1. d4 d5 2. c4 Nf6 3. Nc3 c6 4. e3 g6 5. Nf3 Bg7 6. cxd5 cxd5 7. Bb5+ Bd7 8.
Qb3 O-O 9. Bxd7 Qxd7 10. Ne5 Qc7 11. Nxd5 Nxd5 12. Qxd5 e6 13. Qb3 Nc6 14. Nxc6
Qxc6 15. O-O Rac8 16. Bd2 b6 17. Rac1 Qb7 18. Rxc8 Rxc8 19. Rc1 Rxc1+ 20. Bxc1
Qe4 21. Qc3 Qb1 22. a3 Bf6 23. Kf1 Kg7 24. Ke2 Qe4 25. f3 Qh4 26. h3 Qg3 27.
Kf1 Qh2 28. Qe1 Qh1+ 29. Ke2 Qxg2+ 30. Qf2 Qxh3 31. Qf1 Qf5 32. a4 Qc2+ 33. Bd2
Qc4+ 34. Kf2 Qxa4 35. Qc1 Qb5 36. f4 Bh4+ 37. Kf3 Qh5+ 38. Ke4 Bf6 39. Bc3 Qd5+
40. Kd3 Qf3 41. Qg1 h5 42. Bb4 h4 43. Bd6 h3 44. f5 Qxf5+ 45. e4 Qf3+ 46. Qe3
Qxe3+ 47. Kxe3 Kg8 48. Bh2 a5 49. e5 Bg5+ 50. Kd3 Bc1 51. Kc2 Be3 52. Kd3 Bf2
53. Kc4 g5 54. d5 exd5+ 55. Kxd5 g4 56. e6 fxe6+ 57. Kxe6 g3 0-1

[Event "7eme open international de La Fere"]
[Site "La Fere (FRA)"]
[Date "2008.07.07"]
[Round "4.51"]
[White "Brobecker, Alain"]
[Black "Regniez, Alexiane"]
[Result "1-0"]
[WhiteElo "1758"]
[BlackElo "1670"]
[PlyCount "45"]
[EventDate "2008.??.??"]

1. d3 c5 2. g3 g6 3. Bg2 Bg7 4. e4 Nc6 5. Ne2 Nf6 6. O-O O-O 7. Nbc3 d6 8. Bg5
Bg4 9. f3 Be6 10. Nf4 Nd4 11. Nxe6 Nxe6 12. Be3 Nd7 13. Rb1 a6 14. f4 Rb8 15.
Nd5 f5 16. exf5 Rxf5 17. Bh3 Rf8 18. Bxe6+ Kh8 19. c3 Nb6 20. Qb3 Nxd5 21. Qxd5
b5 22. d4 c4 23. Qe4 1-0

[Event "7eme open international de La Fere"]
[Site "La Fere (FRA)"]
[Date "2008.07.07"]
[Round "4.52"]
[White "Rachenne, Romain"]
[Black "Lapersonne, Patrick"]
[Result "1-0"]
[WhiteElo "1736"]
[BlackElo "1600"]
[PlyCount "69"]
[EventDate "2008.??.??"]

1. e4 c5 2. Nf3 d6 3. Nc3 e6 4. Bc4 Nc6 5. d3 Nf6 6. Bg5 Be7 7. O-O O-O 8. Qd2
a6 9. a4 b6 10. h3 Bb7 11. Rfe1 Rc8 12. Qf4 Re8 13. Re2 Kf8 14. Rae1 h6 15.
Bxh6 gxh6 16. Qxh6+ Kg8 17. Ng5 Bf8 18. Qh4 Ne5 19. f4 Ng6 20. Qg3 Nh5 21. Qf3
Bh6 22. Qxh5 Bxg5 23. Qxg5 Qxg5 24. fxg5 Kf8 25. Rf2 Ne7 26. Ref1 d5 27. Rxf7+
Kg8 28. exd5 exd5 29. Ba2 c4 30. dxc4 dxc4 31. Ne2 Bd5 32. R7f6 Nc6 33. Nf4 Nb4
34. Nxd5 Nxd5 35. Rd6 1-0

[Event "7eme open international de La Fere"]
[Site "La Fere (FRA)"]
[Date "2008.07.07"]
[Round "4.53"]
[White "Vernede, Victor"]
[Black "Laufer, Maurice"]
[Result "0-1"]
[WhiteElo "1700"]
[BlackElo "1521"]
[PlyCount "44"]
[EventDate "2008.??.??"]

1. d4 d5 2. c4 Nc6 3. Nf3 Bg4 4. e3 e5 5. dxe5 Nxe5 6. cxd5 Nxf3+ 7. gxf3 Bh5
8. Bb5+ c6 9. dxc6 Qxd1+ 10. Kxd1 Bxf3+ 11. Ke1 O-O-O 12. cxb7+ Kxb7 13. Nc3
Bxh1 14. Ke2 Bc6 15. Bc4 Nf6 16. Bxf7 Bc5 17. b4 Bb6 18. Rb1 Rhf8 19. Bc4 Ne4
20. Nxe4 Bxe4 21. Rb2 Bf3+ 22. Kf1 Rd1# 0-1

[Event "7eme open international de La Fere"]
[Site "La Fere (FRA)"]
[Date "2008.07.07"]
[Round "4.54"]
[White "Aernouts, Ludovic"]
[Black "Huyet, Yannick"]
[Result "1-0"]
[WhiteElo "1692"]
[BlackElo "1490"]
[PlyCount "69"]
[EventDate "2008.??.??"]

1. e4 d5 2. exd5 Qxd5 3. Nf3 Bg4 4. Be2 Nf6 5. Nc3 Qa5 6. O-O c6 7. d4 e6 8.
Bd2 Nbd7 9. a3 Bd6 10. Nb5 Bxh2+ 11. Kxh2 Qd8 12. Nd6+ Ke7 13. Nxb7 Qb8+ 14.
Kg1 Qxb7 15. Bb4+ Ke8 16. Rb1 Qc7 17. Ne5 Bxe2 18. Qxe2 a5 19. Nxd7 Nxd7 20.
Bc3 Nf6 21. Qf3 Nd5 22. Bd2 h6 23. Rbe1 g5 24. c4 Ne7 25. Qh5 Ng6 26. Qf3 Rd8
27. Bc3 Rh7 28. Qe4 Rd6 29. Qc2 Qd8 30. b4 axb4 31. axb4 f5 32. Qxf5 Rg7 33.
Rxe6+ Ne7 34. Qe5 Rxe6 35. Qxe6 1-0

[Event "7eme open international de La Fere"]
[Site "La Fere (FRA)"]
[Date "2008.07.08"]
[Round "5.1"]
[White "Abbasov, Farid"]
[Black "Ninov, Nikolai"]
[Result "1-0"]
[WhiteElo "2552"]
[BlackElo "2515"]
[PlyCount "79"]
[EventDate "2008.??.??"]

1. Nf3 c5 2. c4 Nc6 3. Nc3 Nf6 4. d4 cxd4 5. Nxd4 e6 6. g3 Qb6 7. Nb3 Ne5 8. e4
Bb4 9. Qe2 d6 10. Bd2 a5 11. f4 Nc6 12. Be3 Qc7 13. Nd2 Bxc3 14. bxc3 b6 15.
Rb1 Rb8 16. g4 Ba6 17. g5 Nd7 18. h4 Ne7 19. Qf2 O-O 20. Rh3 d5 21. exd5 exd5
22. f5 Qe5 23. Rf3 dxc4 24. Be2 Qxc3 25. Bd4 Qc2 26. Bd1 Qxa2 27. Ra1 Qxa1 28.
Bxa1 Rfe8 29. Ne4 Nxf5 30. Rxf5 Rxe4+ 31. Kf1 c3+ 32. Kg1 Rc8 33. Rxf7 Ne5 34.
Rf4 Rb4 35. Bxc3 Nd3 36. Qa2+ Bc4 37. Rxc4 Rbxc4 38. Bb3 b5 39. Bxc4+ Rxc4 40.
Qe2 1-0

[Event "7eme open international de La Fere"]
[Site "La Fere (FRA)"]
[Date "2008.07.08"]
[Round "5.3"]
[White "Gozzoli, Yannick"]
[Black "Meijers, Viesturs"]
[Result "1-0"]
[WhiteElo "2502"]
[BlackElo "2496"]
[PlyCount "79"]
[EventDate "2008.??.??"]

1. d4 f5 2. c4 Nf6 3. Nf3 g6 4. g3 Bg7 5. Bg2 O-O 6. O-O c6 7. Nc3 Ne4 8. Qb3
Kh8 9. Be3 d6 10. d5 Nxc3 11. bxc3 c5 12. Ng5 Qc7 13. Rab1 b6 14. Bd2 h6 15.
Ne6 Bxe6 16. dxe6 Nc6 17. e4 fxe4 18. Bxe4 Rf6 19. Qa4 Rc8 20. Rbe1 Na5 21. Bd5
g5 22. Qd7 Bf8 23. Qa4 Qd8 24. f4 gxf4 25. Rxf4 Rxf4 26. Bxf4 Bg7 27. Qd7 Bxc3
28. Bxd6 Bf6 29. Bf4 Kg7 30. Kg2 Qe8 31. Bc7 h5 32. h4 Kh6 33. Rf1 Kg7 34. Kh2
Kg6 35. Be4+ Kg7 36. Rxf6 Kxf6 37. Be5+ Kxe5 38. Qd5+ Kf6 39. Qf5+ Kg7 40. Qg5+
1-0

[Event "7eme open international de La Fere"]
[Site "La Fere (FRA)"]
[Date "2008.07.08"]
[Round "5.4"]
[White "Afek, Yochanan"]
[Black "Gharamian, Tigran"]
[Result "0-1"]
[WhiteElo "2321"]
[BlackElo "2560"]
[PlyCount "38"]
[EventDate "2008.??.??"]

1. e4 c5 2. Nc3 a6 3. g3 b5 4. Bg2 Bb7 5. Nge2 e6 6. O-O Nf6 7. e5 Bxg2 8. Kxg2
Ng4 9. f4 Nc6 10. d4 cxd4 11. Nxd4 Nxd4 12. Qxd4 Rc8 13. a3 h5 14. Qd3 h4 15.
Qf3 Nxh2 16. Kxh2 hxg3+ 17. Kg2 Rh2+ 18. Kg1 Qh4 19. Be3 Rxc2 0-1

[Event "7eme open international de La Fere"]
[Site "La Fere (FRA)"]
[Date "2008.07.08"]
[Round "5.5"]
[White "Nijs, Nils"]
[Black "Wirig, Anthony"]
[Result "1/2-1/2"]
[WhiteElo "2150"]
[BlackElo "2456"]
[PlyCount "93"]
[EventDate "2008.??.??"]

1. d4 Nf6 2. c4 e6 3. Nc3 Bb4 4. Qc2 O-O 5. a3 Bxc3+ 6. Qxc3 Qe8 7. Qc2 d6 8.
Bg5 Nfd7 9. e3 e5 10. Ne2 a5 11. dxe5 dxe5 12. Nc3 f6 13. Bh4 Nc5 14. f3 Be6
15. Bf2 a4 16. Rd1 Nc6 17. Be2 Qf7 18. Nd5 e4 19. fxe4 Ne5 20. Bg3 Rfc8 21. O-O
Ncd7 22. h3 Qe8 23. Rd2 c6 24. Bxe5 fxe5 25. Nc3 Nc5 26. Rf2 Qe7 27. Bf1 Qg5
28. Rf3 Qe7 29. Rdf2 Qd6 30. Rd2 Qc7 31. Kh2 Qa5 32. Rdf2 Qb6 33. Rg3 Rf8 34.
Rxf8+ Rxf8 35. Be2 h6 36. Nxa4 Nxa4 37. Qxa4 Qxb2 38. Bg4 Bxg4 39. Rxg4 Qb6 40.
Qd1 Qc7 41. Rg3 Qe7 42. Qh5 Rf6 43. a4 Qe8 44. Qe2 Rf7 45. c5 Qe7 46. Qc2 Kh7
47. Qc4 1/2-1/2

[Event "7eme open international de La Fere"]
[Site "La Fere (FRA)"]
[Date "2008.07.08"]
[Round "5.6"]
[White "Pytel, Krzysztof"]
[Black "Feryn, Alexandre"]
[Result "1-0"]
[WhiteElo "2391"]
[BlackElo "1940"]
[PlyCount "77"]
[EventDate "2008.??.??"]

1. d4 Nf6 2. Nf3 g6 3. b3 Bg7 4. Bb2 O-O 5. g3 d6 6. Bg2 c5 7. O-O Nbd7 8. c4
a6 9. Nc3 Qc7 10. e3 Rb8 11. Qe2 b6 12. Rac1 Bb7 13. Rfd1 Ne4 14. Nd5 Bxd5 15.
cxd5 Ndf6 16. dxc5 bxc5 17. Nd4 Qd7 18. Nc6 Rb6 19. f3 Ng5 20. Bxf6 Bxf6 21. h4
Ne6 22. dxe6 Qxc6 23. f4 Qb5 24. exf7+ Kxf7 25. Qg4 e6 26. h5 d5 27. Bf1 Qb4
28. Bd3 Rg8 29. hxg6+ hxg6 30. Rc2 a5 31. Rh2 Rg7 32. Rh7 Qc3 33. Qxg6+ Kf8 34.
Rxg7 Bxg7 35. Qg5 Rd6 36. Kf2 c4 37. Bxc4 Qc2+ 38. Be2 d4 39. exd4 1-0

[Event "7eme open international de La Fere"]
[Site "La Fere (FRA)"]
[Date "2008.07.08"]
[Round "5.7"]
[White "Marholev, Dimitar"]
[Black "Soveaux, Jean"]
[Result "1-0"]
[WhiteElo "2366"]
[BlackElo "1660"]
[PlyCount "77"]
[EventDate "2008.??.??"]

1. e4 e5 2. Nf3 Nc6 3. Bb5 d6 4. d4 exd4 5. Nxd4 Bd7 6. Bxc6 bxc6 7. Nc3 Be7 8.
Qf3 Bf6 9. e5 Bxe5 10. Nxc6 Bxc3+ 11. Qxc3 Qf6 12. Nd4 Ne7 13. O-O O-O 14. Qxc7
Rfd8 15. Qc3 Rac8 16. Qd3 Ng6 17. c3 Ne5 18. Qg3 h6 19. b3 Nc6 20. Be3 Ne7 21.
Rac1 Ng6 22. c4 Rc7 23. Rcd1 Bc8 24. Nb5 Rcd7 25. Bd4 Qe7 26. Rfe1 Qf8 27. Bxa7
Ne5 28. Bb6 Re8 29. Nc7 Ree7 30. f4 Ng4 31. Nd5 Rxe1+ 32. Rxe1 f5 33. h3 Nf6
34. Nxf6+ Qxf6 35. Re8+ Kh7 36. Rxc8 Qa1+ 37. Kh2 Qxa2 38. Qd3 Kg6 39. Rf8 1-0

[Event "7eme open international de La Fere"]
[Site "La Fere (FRA)"]
[Date "2008.07.08"]
[Round "5.8"]
[White "Eeckhout, Jean-Louis"]
[Black "Marzolo, Cyril"]
[Result "0-1"]
[WhiteElo "1771"]
[BlackElo "2487"]
[PlyCount "62"]
[EventDate "2008.??.??"]

1. d4 Nf6 2. c4 c5 3. d5 e6 4. Nc3 exd5 5. cxd5 d6 6. g3 g6 7. Bg2 Bg7 8. e4
O-O 9. Nge2 Re8 10. O-O b5 11. Qc2 b4 12. Nd1 Qe7 13. f3 Nxd5 14. Nf4 Nxf4 15.
Bxf4 Nc6 16. Ne3 Nd4 17. Qd2 Bb7 18. Nc4 Rad8 19. Na5 Ba8 20. Nb3 Ne6 21. Be3
d5 22. exd5 Bxd5 23. Qc2 c4 24. Nd2 Nd4 25. Bxd4 Bxd4+ 26. Kh1 Qe2 27. Rfe1
Qxe1+ 28. Rxe1 Rxe1+ 29. Nf1 Bb6 30. h4 Bxf3 31. Bxf3 Rxf1+ 0-1

[Event "7eme open international de La Fere"]
[Site "La Fere (FRA)"]
[Date "2008.07.08"]
[Round "5.9"]
[White "Gaponenko, Inna"]
[Black "Jossien, Remy"]
[Result "1-0"]
[WhiteElo "2468"]
[BlackElo "2291"]
[PlyCount "67"]
[EventDate "2008.??.??"]

1. e4 c5 2. Nf3 Nc6 3. c3 e6 4. d4 d5 5. exd5 exd5 6. Bb5 cxd4 7. Nxd4 Bd7 8.
Nf3 a6 9. Ba4 Nf6 10. O-O Be7 11. Bg5 b5 12. Bc2 Be6 13. Nbd2 d4 14. a4 dxc3
15. bxc3 O-O 16. axb5 axb5 17. Qe2 Qb6 18. Rab1 Rfb8 19. Bf4 Rb7 20. Ng5 Ba2
21. Ra1 Rba7 22. Rfe1 g6 23. Rxa2 Rxa2 24. Bb3 Ra1 25. Nxf7 Bc5 26. Rxa1 Rxa1+
27. Nf1 Na5 28. Nd6+ Kh8 29. Nf7+ Kg8 30. Nd6+ Kh8 31. Be5 Kg7 32. Bxf6+ Kxf6
33. Qe6+ Kg7 34. Qe5+ 1-0

[Event "7eme open international de La Fere"]
[Site "La Fere (FRA)"]
[Date "2008.07.08"]
[Round "5.10"]
[White "Houriez, Clement"]
[Black "Sanduleac, Vasile"]
[Result "1/2-1/2"]
[WhiteElo "2276"]
[BlackElo "2466"]
[PlyCount "131"]
[EventDate "2008.??.??"]

1. e4 c6 2. d4 d5 3. Nc3 dxe4 4. Nxe4 Bf5 5. Ng3 Bg6 6. h4 h6 7. Nf3 Nd7 8. h5
Bh7 9. Bd3 Bxd3 10. Qxd3 e6 11. Bd2 Ngf6 12. O-O-O Be7 13. Qe2 O-O 14. Rhe1 Qc7
15. Kb1 Rad8 16. Ne5 c5 17. Bc1 cxd4 18. Ng6 fxg6 19. Qxe6+ Kh8 20. Qxe7 Rc8
21. Qe2 Rfe8 22. Qd2 Rxe1 23. Rxe1 gxh5 24. Nf5 Ne5 25. a3 Nc6 26. Qd3 Rd8 27.
Nh4 Qf7 28. f3 a6 29. Bd2 Rd5 30. Ng6+ Kg8 31. Nf4 Rd7 32. Qf5 Ne7 33. Qc5 Nc6
34. Qf5 Re7 35. Rxe7 Nxe7 36. Qe5 Nc6 37. Qd6 Qe7 38. Qxe7 Nxe7 39. Be1 Nf5 40.
Bf2 h4 41. Ng6 Nd5 42. Nxh4 Nxh4 43. Bxh4 Ne3 44. Bf2 Nxg2 45. Bxd4 g5 46. Bf2
h5 47. Kc1 h4 48. Kd2 Kf7 49. c4 Ke6 50. a4 Ke5 51. b4 Nf4 52. b5 Ne6 53. c5
axb5 54. axb5 h3 55. c6 bxc6 56. b6 Nd8 57. Be3 Kf5 58. Ke2 g4 59. Kf2 gxf3 60.
Kxf3 Nb7 61. Kg3 Ke4 62. Bg1 Kd5 63. Kxh3 Kc4 64. Kg4 Kb5 65. Kf5 Ka6 66. Ke6
1/2-1/2